Normal view
MARC view
- LEADERSHIP, EXECUTIVES, MANAGEMENT, ORGANIZATION
Entry Topical Term
001 - CONTROL NUMBER
- control field: 60696
003 - CONTROL NUMBER IDENTIFIER
- control field: NUST
005 - DATE AND TIME OF LATEST TRANSACTION
- control field: 20210628202616.0
008 - FIXED-LENGTH DATA ELEMENTS
- fixed length control field: 210628|| aca||aabn | a|a d
040 ## - CATALOGING SOURCE
- Original cataloging agency: NUST
- Transcribing agency: NUST
150 ## - HEADING--TOPICAL TERM
- Topical term or geographic name entry element: LEADERSHIP, EXECUTIVES, MANAGEMENT, ORGANIZATION
670 ## - SOURCE DATA FOUND
- Source citation: Work cat.: (NUST): Smith, Perry . M .Maj Gen 60695, Rules and tools for leaders ,a down to earth guide to effective managing, 2002
